Polština pro samouky

Guardado en:
Detalles Bibliográficos
Autores principales: Kopecký, Miloslav (Autor), Kulošová, Marie (Autor), Oliva, Karel (Autor)
Formato: Libro
Lenguaje:checo
polaco
Publicado: Praha : Státní pedagogické nakladatelství, 1963
Materias:
Etiquetas: Agregar Etiqueta
Sin Etiquetas, Sea el primero en etiquetar este registro!

MARC

LEADER 00000nam a22000003a 4500
001 stu230970
005 20150617230141.2
008 110711s1963----cs------------------cze-d
040 |a STU  |b slo 
041 0 |a cze  |a pol 
044 |a cs 
080 |a 808.4(075.4) 
100 1 |a Kopecký, Miloslav  |4 aut 
245 1 |a Polština pro samouky 
260 |a Praha :  |b Státní pedagogické nakladatelství,  |c 1963 
300 |a 292 s  |c 88 s. 
650 7 |a polština  |2 stusub 
700 1 |a Kulošová, Marie  |4 aut 
700 1 |a Oliva, Karel  |4 aut 
996 |b 284V028853  |c V*2222/E-115  |l VVT  |s A  |a 24  |w stu230970_0001